000 00802nam a2200241Ia 4500
001 7005
003 GE_BSU
008 181216s||||||||xx |||||||||||||| ||und||
020 _a5060001067
040 _cGE_BSU
080 _a621.317(075)
100 _aАтамалян,Э.Г.
245 _aПриборы и методы измерения электрических величин.
245 _bУчебное пособие.
245 _cРед.И.Е.Якушина.
250 _aИзд. второе, перераб. и дополненное.
260 _aМ.
260 _bВысшая школа.
260 _c1989.
300 _a394стр. 21см. с илл.
653 _aПриборы и методы измерения электрических величин.
942 _cBK
999 _c40397
_d40397